000 00824nam a2200205Ia 4500
999 _c31447
_d31447
003 GCL
005 20240530102326.0
008 140319s9999 xx 000 0 ara d
040 _aGCL /
_cGCL
082 0 4 _a231.6
_bس ك
100 1 _aابن سلام ، ابوعبيد الله بن سلام الهروى البغدادى
245 1 0 _aكتاب غريب الحديث /
_cتاليف ابن سلام ، ابوعبيد الله بن سلام الهروى البغدادى ؛ تحقيق حسين محمد محمد شرف
260 _a[S.N] :
_bمطابع الاميرية ،
_c1984
650 0 4 _aالاسلام
650 0 4 _aالحديث
650 0 4 _aغريب الحديث
700 1 _aعبدالسلام محمد هارون
_eمراجع
700 1 _aحسين محمد محمد شرف
_eمحقق
942 _2ddc
_cBK